=LDR 00000nam 2200000 4500 =001 INLIS000000000026169 =005 20130612124627 =008 ***********************************ind** =035 ##$$0010-061300000026169 =041 ##$$a ind =082 ##$$a 621.402 5 =090 ##$$a 621.402 5, SIT a =100 ##$$a Sitompul, tunggul M =245 ##$$a Alat penukar kalor (Heat Exchanger), Tunggul M. Sitompul =260 ##$$a 1993 $b Jakarta =300 ##$$a xviii, 330 hlm., 23 cm =650 ##$$a alat penukar kalor =850 ##$$a NBPNMAT =990 ##$$a 21602079/BPAP-NTB/2017